International ergonomics conference on humanizing work and work environment (3rd : 2005 : Guwahati) HWWE 2005, humanizing work and work environment (Record no. 6872)

MARC details
000 -LEADER
fixed length control field 01085 a2200241 4500
005 - DATE AND TIME OF LATEST TRANSACTION
control field 20080911163315.0
008 - FIXED-LENGTH DATA ELEMENTS--GENERAL INFORMATION
fixed length control field 080911t xxu||||| |||| 00| 0 eng d
010 ## - LIBRARY OF CONGRESS CONTROL NUMBER
LC control number ENG-87725
020 ## - INTERNATIONAL STANDARD BOOK NUMBER
International Standard Book Number 8184241240
Terms of availability 4950.00
035 ## - SYSTEM CONTROL NUMBER
System control number EN-71258
037 ## - SOURCE OF ACQUISITION
Source of stock number/acquisition DBAD / PUB
082 ## - DEWEY DECIMAL CLASSIFICATION NUMBER
Classification number 620.82
100 ## - MAIN ENTRY--PERSONAL NAME
Personal name edited by Debkumar Chakrabarti
245 ## - TITLE STATEMENT
Title International ergonomics conference on humanizing work and work environment (3rd : 2005 : Guwahati) HWWE 2005, humanizing work and work environment
Remainder of title proceedings of the International ergonomics conference, Dec. 10-12, 2005 organized by IIT, Guwahati
260 ## - PUBLICATION, DISTRIBUTION, ETC. (IMPRINT)
Place of publication, distribution, etc New Delhi
Name of publisher, distributor, etc Allied Publishers
Date of publication, distribution, etc 2006
270 ## - ADDRESS
Address 1/13-14 Asaf Ali Road
City New Delhi
Postal code 110 002
300 ## - PHYSICAL DESCRIPTION
Extent 1102 p.
Other physical details ill.
Dimensions 28 cm. (Hb)
500 ## - GENERAL NOTE
General note including author index
700 ## - ADDED ENTRY--PERSONAL NAME
Personal name Chakrabarti, Debkumar
700 ## - ADDED ENTRY--PERSONAL NAME
Personal name Das, Abhijit
942 ## - ADDED ENTRY ELEMENTS (KOHA)
Institution code [OBSOLETE] dpl
Koha item type English Books
Call number prefix 620.82/INT
Source of classification or shelving scheme Dewey Decimal Classification
Classification part 620.82
Call number suffix INT
Holdings
Withdrawn status Lost status Damaged status Not for loan Collection code Home library Current library Date acquired Cost, normal purchase price Total Checkouts Full call number Barcode Date last seen Copy number Uniform Resource Identifier Cost, replacement price Price effective from Koha item type
      Not For Loan Non-fiction D.B.Act.Division D.B.Act.Division 11/09/2008 4950.00   620.82 INT EN-71258 15/09/2008 1 7378 4950.00 15/09/2008 English Books

© Delhi Public Library
Hit Counter
free hit counter